[Event "4NCL/Div1/BG1-GUI1"]
[Site "Rd08-Birmingham"]
[Date "2001.03.18"]
[Round "8.8"]
[White "Yurenok, Maria"]
[Black "Sheldon, Ruth"]
[Result "0-1"]
[WhiteElo "2058"]
[BlackElo "2301"]
[PlyCount "112"]
[EventDate "2001.03.18"]

1. d4 Nf6 2. Nf3 g6 3. Bg5 Bg7 4. Nbd2 c5 5. c3 Nc6 6. Bxf6 exf6 7. dxc5 O-O 8.
e3 Qe7 9. Nc4 Qxc5 10. Nd6 f5 11. Be2 b5 12. O-O b4 13. Rc1 bxc3 14. bxc3 a5
15. a4 Ba6 16. c4 Ne5 17. Nb5 Bb7 18. Nxe5 Bxe5 19. Bf3 Bc6 20. Bd5 Rac8 21.
Qd2 Rfe8 22. Rfd1 Kg7 23. g3 Bxd5 24. cxd5 Qb4 25. Qa2 Rc5 26. Rxc5 Qxc5 27.
Nd4 Rc8 28. Qb3 Rb8 29. Nb5 Rc8 30. Nd4 Rb8 31. Nb5 h5 32. Kg2 Rc8 33. Nd4 Qb4
34. Qxb4 axb4 35. Rb1 Bxd4 36. exd4 Rb8 37. a5 Ra8 38. Rxb4 Rxa5 39. h4 Rxd5
40. Kf3 Kf6 41. Kf4 Ra5 42. Rb6+ Ke7 43. Rb3 Ra2 44. Ke3 Ke6 45. Rb6+ d6 46.
Rb3 f4+ 47. Kxf4 Rxf2+ 48. Ke4 Re2+ 49. Kf3 Re1 50. Rb5 Ra1 51. Rg5 Rd1 52. Ke3
Re1+ 53. Kd3 Rf1 54. Ke3 Rf5 55. Rxf5 Kxf5 56. Kf3 d5 0-1

[Event "4NCL/Div1/BG2-RIC"]
[Site "Rd08-Birmingham"]
[Date "2001.03.18"]
[Round "8.1"]
[White "Hennigan, Michael"]
[Black "Bezold, Michael"]
[Result "1-0"]
[WhiteElo "2476"]
[BlackElo "2510"]
[PlyCount "83"]
[EventDate "2001.03.18"]

1. g3 c5 2. Bg2 e6 3. Nf3 Nf6 4. O-O Be7 5. d3 d5 6. Nbd2 d4 7. c3 Nc6 8. cxd4
cxd4 9. Nc4 Nd7 10. a4 O-O 11. a5 Nc5 12. Bd2 Na6 13. Qb3 f6 14. Ne1 Kh8 15.
Nc2 Rb8 16. Rfb1 e5 17. Qa2 Ncb4 18. Nxb4 Bxb4 19. Bxb4 Nxb4 20. Qb3 Qe7 21.
Ra4 Na6 22. Qa3 Qxa3 23. Rxa3 Rd8 24. Rb3 Bg4 25. Kf1 Rd7 26. Rb5 Be6 27. Ke1
Kg8 28. Kd1 Kf8 29. f4 exf4 30. gxf4 Rc7 31. Nd2 Bd7 32. Rh5 h6 33. b4 Ba4+ 34.
Ke1 Be8 35. Rh4 Rbc8 36. b5 Rc1+ 37. Kf2 Rxb1 38. bxa6 Rb4 39. axb7 Rc2 40. Nc4
f5 41. Nb6 Rbb2 42. Bf3 1-0

[Event "4NCL/Div1/BG2-RIC"]
[Site "Rd08-Birmingham"]
[Date "2001.03.18"]
[Round "8.2"]
[White "Bates, Richard"]
[Black "Mestel, Jonathan"]
[Result "0-1"]
[WhiteElo "2371"]
[BlackElo "2488"]
[PlyCount "76"]
[EventDate "2001.03.18"]

1. d4 Nf6 2. c4 g6 3. Nc3 Bg7 4. e4 O-O 5. Bg5 c6 6. Nge2 h6 7. Bh4 d6 8. f3 a6
9. Nc1 b5 10. Nb3 Nbd7 11. Be2 bxc4 12. Bxc4 a5 13. Bf2 a4 14. Nd2 a3 15. b4 c5
16. bxc5 dxc5 17. Rc1 cxd4 18. Bxd4 Nb6 19. Be3 Nxc4 20. Nxc4 Qxd1+ 21. Kxd1
Rd8+ 22. Kc2 Be6 23. Nb6 Rab8 24. Rhd1 Nd7 25. Rb1 Nxb6 26. Rxb6 Rdc8 27. Rxb8
Rxb8 28. Rb1 Rc8 29. Bd2 Bxa2 30. Ra1 Bc4 31. Rxa3 Bf1 32. g3 Bg2 33. Kd3 Bxf3
34. Nd5 Rd8 35. Ke3 Bxe4 36. Nxe7+ Kh7 37. Kxe4 Rxd2 38. Nd5 Rd4+ 0-1

[Event "4NCL/Div1/BG2-RIC"]
[Site "Rd08-Birmingham"]
[Date "2001.03.18"]
[Round "8.3"]
[White "McDonald, Neil"]
[Black "Wall, Gavin"]
[Result "0-1"]
[WhiteElo "2439"]
[BlackElo "2348"]
[PlyCount "212"]
[EventDate "2001.03.18"]

1. e4 e5 2. Nf3 d6 3. d4 exd4 4. Nxd4 Nf6 5. Nc3 Be7 6. Be2 O-O 7. O-O a6 8. a4
c5 9. Nb3 Nc6 10. Bf4 Nb4 11. Bf3 Be6 12. Re1 Re8 13. Nd5 Nbxd5 14. exd5 Bf5
15. a5 Bf8 16. Rxe8 Nxe8 17. Bg3 b5 18. axb6 Qxb6 19. Ra2 a5 20. Nd2 a4 21. Nc4
Qb8 22. c3 Bd7 23. Be4 Nf6 24. Bc2 Bb5 25. Ne3 g6 26. h3 Bh6 27. Qf3 Bg7 28.
Qd1 Bh6 29. Bxa4 Bxe3 30. fxe3 Ne4 31. Be1 c4 32. Ra3 Bxa4 33. Rxa4 Rxa4 34.
Qxa4 f5 35. Qxc4 Qxb2 36. Kh2 Qc1 37. Qc8+ Kg7 38. Qd7+ Kh6 39. Bg3 Nxg3 40.
Kxg3 Qxe3+ 41. Kh2 Qe5+ 42. Kh1 Qxd5 43. c4 Qe5 44. Qf7 f4 45. Kg1 Qc5+ 46. Kh1
Qf5 47. Qe7 f3 48. Qe3+ Kg7 49. gxf3 Qxh3+ 50. Kg1 Qg3+ 51. Kf1 Kf6 52. Qd4+
Qe5 53. Qh4+ Kg7 54. Qg4 h5 55. Qd7+ Kh6 56. Qd8 Qf4 57. Kf2 Qd2+ 58. Kf1 Qf4
59. Kf2 h4 60. Qh8+ Kg5 61. Qd8+ Qf6 62. Qa5+ Kh6 63. Qd2+ g5 64. Qe3 Qb2+ 65.
Kf1 Qb1+ 66. Kf2 Qc2+ 67. Kg1 Qxc4 68. Qe7 Qd4+ 69. Kg2 Qb2+ 70. Kf1 Qe5 71.
Qf8+ Kg6 72. Qg8+ Kf5 73. Qf8+ Ke6 74. Qe8+ Kd5 75. Qb5+ Kd4 76. Qb3 Qd5 77.
Qb2+ Ke3 78. Qe2+ Kf4 79. Qh2+ Kf5 80. Qc2+ Kf6 81. Qc3+ Kg6 82. Qe3 Qb5+ 83.
Kg2 Qe5 84. Qb3 d5 85. Qd3+ Kf6 86. Qa6+ Qe6 87. Qa1+ Kg6 88. Qb1+ Kh6 89. Qd3
Qd6 90. Kf1 d4 91. Kg2 Qc5 92. Qe2 Qf5 93. Qe8 d3 94. Qh8+ Qh7 95. Qf8+ Qg7 96.
Qd6+ Qg6 97. Qf8+ Kh7 98. Qe7+ Kg8 99. Qd8+ Kg7 100. Qe7+ Qf7 101. Qe5+ Qf6
102. Qd5 Qb2+ 103. Kh3 d2 104. Qxg5+ Kf7 105. Qf5+ Ke7 106. Qe4+ Kd6 {
"and my king journeyed to c2 and thence to e2 via d1 or d3 ( I can't remember)
where he tried the Qf2+ stalemate trick. My queen also got to f4 somehow"
(Gavin Wall)} 0-1

[Event "4NCL/Div1/BG2-RIC"]
[Site "Rd08-Birmingham"]
[Date "2001.03.18"]
[Round "8.5"]
[White "Cooper, Lawrence"]
[Black "Hinks-Edwards, Thomas"]
[Result "1/2-1/2"]
[WhiteElo "2361"]
[BlackElo "2294"]
[PlyCount "41"]
[EventDate "2001.03.18"]

1. e4 c6 2. d4 d5 3. Nd2 dxe4 4. Nxe4 Bf5 5. Ng3 Bg6 6. Nf3 Nd7 7. h4 h6 8. h5
Bh7 9. Bd3 Bxd3 10. Qxd3 Ngf6 11. Bf4 e6 12. O-O Be7 13. c4 O-O 14. Rfe1 a6 15.
a4 Bb4 16. Bd2 Bxd2 17. Qxd2 b5 18. axb5 axb5 19. b3 bxc4 20. bxc4 Qc7 21. c5
1/2-1/2

[Event "4NCL/Div1/BG2-RIC"]
[Site "Rd08-Birmingham"]
[Date "2001.03.18"]
[Round "8.6"]
[White "Franklin, Michael"]
[Black "Richardson, John"]
[Result "1-0"]
[WhiteElo "2253"]
[BlackElo "2338"]
[PlyCount "57"]
[EventDate "2001.03.18"]

1. d4 Nf6 2. Nf3 d5 3. e3 e6 4. Bd3 b6 5. c3 Bb7 6. Nbd2 Nbd7 7. O-O Bd6 8. Qe2
Ne4 9. Ba6 Bxa6 10. Qxa6 O-O 11. Qb7 Rb8 12. Qxa7 b5 13. Qa5 f5 14. a4 g5 15.
g3 f4 16. exf4 gxf4 17. axb5 Qf6 18. b6 Nxb6 19. Nxe4 Qg6 20. Nxd6 Ra8 21. Qxa8
Nxa8 22. Ne5 Qh5 23. Ndf7 f3 24. h4 Nb6 25. Nh6+ Kh8 26. Ra7 Nc4 27. Rxc7 Nxe5
28. dxe5 Qe8 29. Bg5 1-0

[Event "4NCL/Div1/BG2-RIC"]
[Site "Rd08-Birmingham"]
[Date "2001.03.18"]
[Round "8.7"]
[White "Hassabis, Demis"]
[Black "Thiruchelvam, Murugan"]
[Result "0-1"]
[WhiteElo "2237"]
[BlackElo "2168"]
[PlyCount "108"]
[EventDate "2001.03.18"]

1. c4 e5 2. Nc3 Nc6 3. g3 f5 4. Bg2 Nf6 5. d3 g6 6. e3 Bg7 7. Nge2 O-O 8. O-O
d6 9. Rb1 a5 10. a3 Ne7 11. f4 Rb8 12. h3 b6 13. e4 fxe4 14. dxe4 exf4 15. gxf4
Be6 16. b3 Qd7 17. Kh2 Nh5 18. Be3 Rf7 19. Nd5 Rbf8 20. Qe1 a4 21. b4 b5 22. c5
Bxd5 23. exd5 Nf5 24. Bf2 Re7 25. Qd2 Rfe8 26. Bf3 Ne3 27. Rfe1 Qf5 28. Bxe3
Rxe3 29. Bg4 Qd3 30. Qxd3 Rxd3 31. Bxh5 gxh5 32. Ng3 Rxe1 33. Rxe1 dxc5 34.
Nxh5 Rxd5 35. Nxg7 Kxg7 36. Re7+ Kg6 37. Rxc7 cxb4 38. axb4 Rd4 39. Rc6+ Kf7
40. Rc7+ Ke6 41. f5+ Kf6 42. Rc6+ Kg5 43. f6 Kg6 44. Ra6 Rxb4 45. Kg3 Rb3+ 46.
Kf4 Rxh3 47. Ke5 Re3+ 48. Kf4 Re1 49. Ra5 Rf1+ 50. Ke4 Rxf6 51. Rxb5 Ra6 52.
Rb2 a3 53. Ra2 h5 54. Kf4 Ra4+ 0-1

[Event "4NCL/Div1/BG2-RIC"]
[Site "Rd08-Birmingham"]
[Date "2001.03.18"]
[Round "8.8"]
[White "Buckley, Melanie"]
[Black "Richards, Heather"]
[Result "1/2-1/2"]
[WhiteElo "2114"]
[BlackElo "2133"]
[PlyCount "39"]
[EventDate "2001.03.18"]

1. e4 e6 2. d3 c5 3. g3 Nc6 4. Bg2 g6 5. Nc3 Bg7 6. Be3 d6 7. Qd2 Nge7 8. Bh6
O-O 9. Bxg7 Kxg7 10. f4 Rb8 11. Nf3 b5 12. O-O Qb6 13. Kh1 a5 14. Rae1 b4 15.
Nd1 d5 16. exd5 exd5 17. Ne5 Nxe5 {(=)} 18. fxe5 d4 19. Qg5 Qd8 20. Qf6+
1/2-1/2

[Event "4NCL/Div1/MM-PP1"]
[Site "Rd08-Birmingham"]
[Date "2001.03.18"]
[Round "8.1"]
[White "Pert, Nicholas"]
[Black "Shaw, John"]
[Result "1/2-1/2"]
[WhiteElo "2465"]
[BlackElo "2454"]
[PlyCount "70"]
[EventDate "2001.03.18"]

1. d4 d5 2. c4 c6 3. Nf3 Nf6 4. e3 Bf5 5. cxd5 cxd5 6. Qb3 Qc7 7. Bd2 Nc6 8.
Bb5 e6 9. O-O Bd6 10. Bb4 O-O 11. Bxc6 Bxb4 12. Qxb4 Qxc6 13. Ne5 Qb6 14. Qxb6
axb6 15. Nc3 Rfd8 16. Rfc1 Ne8 17. g4 Bg6 18. b3 f6 19. Nxg6 hxg6 20. Na4 Ra6
21. Rc2 Kf7 22. h4 Ke7 23. Nb2 Raa8 24. Nd3 Rac8 25. Rac1 Rxc2 26. Rxc2 Rd7 27.
Kf1 Rc7 28. Rxc7+ Nxc7 29. Ke2 Nb5 30. Kd2 Nd6 31. f3 Nf7 32. Nf4 g5 33. hxg5
Nxg5 34. Ke2 Nf7 35. Nh5 g6 1/2-1/2

[Event "4NCL/Div1/MM-PP1"]
[Site "Rd08-Birmingham"]
[Date "2001.03.18"]
[Round "8.2"]
[White "Mannion, Stephen"]
[Black "Ledger, Andrew"]
[Result "1/2-1/2"]
[WhiteElo "2369"]
[BlackElo "2443"]
[PlyCount "108"]
[EventDate "2001.03.18"]

1. e4 c6 2. d4 d5 3. e5 Bf5 4. Nc3 Qb6 5. Bd3 Bxd3 6. Qxd3 e6 7. Nge2 Na6 8. a3
c5 9. dxc5 Nxc5 10. Qb5+ Qxb5 11. Nxb5 Kd7 12. Be3 a6 13. Nbd4 Ne7 14. Nc3 Kc7
15. f4 Nc6 16. Ke2 Nd7 17. Rad1 Bc5 18. Rhf1 Rhe8 19. Rf3 Rac8 20. Rh3 h6 21.
Rg3 g6 22. Rh3 h5 23. Rd2 Kd8 24. Rd1 Ke7 25. Bf2 Kf8 26. Rhd3 Nxd4+ 27. Bxd4
Nb6 28. Bxc5+ Rxc5 29. Rd4 Nc4 30. b4 Rc7 31. Nb1 Rec8 32. c3 b5 33. Rc1 a5 34.
h3 Ra8 35. Rc2 axb4 36. axb4 Rca7 37. Rd1 Ra1 38. Rdc1 R8a2 39. Nd2 Rxc1 40.
Rxa2 Rxc3 41. Nf3 Rb3 42. Ra8+ Kg7 43. Ra7 Rb2+ 44. Ke1 Ne3 45. Ng5 Nxg2+ 46.
Kf1 Ne3+ 47. Ke1 Kg8 48. Ra8+ Kg7 49. Ra7 d4 50. Rxf7+ Kg8 51. Rd7 Rxb4 52.
Rd8+ Kg7 53. Rd7+ Kf8 54. Nh7+ Ke8 1/2-1/2

[Event "4NCL/Div1/MM-PP1"]
[Site "Rd08-Birmingham"]
[Date "2001.03.18"]
[Round "8.3"]
[White "Ledger, David"]
[Black "Muir, Andrew"]
[Result "1/2-1/2"]
[WhiteElo "2278"]
[BlackElo "2317"]
[PlyCount "53"]
[EventDate "2001.03.18"]

1. e4 c5 2. Nc3 Nc6 3. g3 g6 4. d3 Bg7 5. Be3 d6 6. Qd2 e6 7. Bg2 Nge7 8. Bh6
O-O 9. Bxg7 Kxg7 10. Nge2 e5 11. O-O Be6 12. f4 f6 13. Rf2 Qd7 14. Raf1 Nd4 15.
Nc1 Rad8 16. Nd1 Bh3 17. Bxh3 Qxh3 18. c3 Ne6 19. Ne2 d5 20. fxe5 fxe5 21. Rxf8
Rxf8 22. Rxf8 Kxf8 23. Qe3 d4 24. Qf3+ Kg7 25. Nf2 Ng5 26. Nxh3 Nxf3+ 27. Kh1
1/2-1/2

[Event "4NCL/Div1/MM-PP1"]
[Site "Rd08-Birmingham"]
[Date "2001.03.18"]
[Round "8.4"]
[White "Harley, Andrew"]
[Black "Williams, Simon"]
[Result "0-1"]
[WhiteElo "2296"]
[BlackElo "2350"]
[PlyCount "42"]
[EventDate "2001.03.18"]

1. e4 c5 2. c3 e6 3. d4 d5 4. exd5 exd5 5. Nf3 Bg4 6. Bb5+ Nc6 7. Qe2+ Be7 8.
dxc5 Nf6 9. Be3 O-O 10. h3 Bh5 11. g4 Bg6 12. O-O Ne4 13. Bxc6 bxc6 14. Ne5
Bxc5 15. Nxc6 Qd6 16. Bxc5 Nxc5 17. Ne7+ Kh8 18. Nxg6+ fxg6 19. Nd2 Rae8 20.
Qd1 Nd3 21. Nb3 Re3 0-1

[Event "4NCL/Div1/MM-PP1"]
[Site "Rd08-Birmingham"]
[Date "2001.03.18"]
[Round "8.5"]
[White "Pert, Richard"]
[Black "Swanson, Stephen"]
[Result "0-1"]
[WhiteElo "2263"]
[BlackElo "2273"]
[PlyCount "158"]
[EventDate "2001.03.18"]

1. d4 d6 2. e4 g6 3. f4 d5 4. exd5 Bg7 5. Bc4 Nf6 6. Nc3 O-O 7. Nf3 Nbd7 8. Bb3
Nb6 9. Ne5 a5 10. a3 Nbxd5 11. Nxd5 Nxd5 12. O-O c6 13. c4 Nf6 14. Be3 Bf5 15.
Qe2 h5 16. h3 Be4 17. Rad1 Qc7 18. Ba2 b5 19. cxb5 cxb5 20. Qxb5 Rab8 21. Qe2
e6 22. Rd2 Rfc8 23. Bf2 Bd5 24. Bb1 Qb7 25. Bh4 Ne4 26. Bxe4 Bxe4 27. Re1 Bd5
28. Bg3 Qb3 29. Bf2 Qa4 30. Red1 Rb7 31. Be3 Rbc7 32. Qf2 Bb3 33. Re1 Rc2 34.
Rxc2 Rxc2 35. Re2 Rc8 36. Rd2 Bd5 37. Nd3 Qb5 38. Nc5 Ba8 39. Kh2 Qc6 40. Rc2
Qd5 41. Rd2 Rb8 42. Qe2 Bc6 43. Qa6 Ra8 44. Qb6 Bf6 45. Qb3 Qd6 46. Qd3 Be7 47.
Kg1 Qd5 48. Qb3 Qd6 49. Qd3 Rb8 50. Qc3 Bd8 51. Rc2 Bd5 52. Qd3 Ba8 53. Qc4 Bd5
54. Qd3 a4 55. Rf2 Bc6 56. f5 Bh4 57. Rd2 exf5 58. d5 Bb5 59. Qd4 Bf6 60. Qf4
Be5 61. Qf3 Rc8 62. Nd3 Bxd3 63. Rxd3 Bxb2 64. Bf4 Be5 65. Bxe5 Qxe5 66. Rd1
Rd8 67. Qd3 Rd6 68. Kh1 g5 69. Qd4 Qxd4 70. Rxd4 Kg7 71. Kg1 Kf6 72. Kf2 g4 73.
Ke3 Ke5 74. Rxa4 Rxd5 75. Rb4 Rc5 76. a4 Rc3+ 77. Kf2 Ra3 78. hxg4 hxg4 79.
Rb5+ Ke4 0-1

[Event "4NCL/Div1/MM-PP1"]
[Site "Rd08-Birmingham"]
[Date "2001.03.18"]
[Round "8.6"]
[White "Devereaux, Maxim"]
[Black "Holland, Edward"]
[Result "1-0"]
[WhiteElo "2274"]
[BlackElo "2235"]
[PlyCount "81"]
[EventDate "2001.03.18"]

1. e4 c5 2. Nf3 d6 3. d4 cxd4 4. Nxd4 Nf6 5. Nc3 g6 6. Nd5 Nxd5 7. Bb5+ Bd7 8.
exd5 Bg7 9. O-O O-O 10. Bc4 Qb6 11. Be3 Qxb2 12. Qd3 b5 13. Nxb5 Bf5 14. Qe2
Nd7 15. Rab1 Qxc2 16. Qxc2 Bxc2 17. Rbc1 Ba4 18. Nxa7 Ne5 19. Be2 Rfb8 20. f4
Rb2 21. Rf2 Nd7 22. Bf3 Nc5 23. Rxb2 Bxb2 24. Rb1 Rb8 25. Nc6 Bc2 26. Re1 Bc3
27. Rc1 Rb2 28. Nxe7+ Kf8 29. Nc8 Rxa2 30. Bd1 Bxd1 31. Rxd1 Re2 32. Bxc5 dxc5
33. d6 Rd2 34. Rxd2 Bxd2 35. d7 Ba5 36. Na7 c4 37. Nc6 Bc7 38. Kf1 c3 39. Ke2
c2 40. Kd2 Bxf4+ 41. Kxc2 1-0

[Event "4NCL/Div1/MM-PP1"]
[Site "Rd08-Birmingham"]
[Date "2001.03.18"]
[Round "8.7"]
[White "Ledger, Stephen"]
[Black "Smith, Andrew P"]
[Result "1-0"]
[WhiteElo "2188"]
[BlackElo "2252"]
[PlyCount "129"]
[EventDate "2001.03.18"]

1. d4 d6 2. Nf3 c6 3. Bf4 Qb6 4. Qc1 h6 5. e3 Nf6 6. h3 Bf5 7. Be2 Nbd7 8. Nbd2
g5 9. Bh2 Ne4 10. Nxe4 Bxe4 11. O-O Nf6 12. a4 a5 13. Ra3 Bg7 14. Rb3 Qc7 15.
c4 g4 16. hxg4 Nxg4 17. Bg3 h5 18. Nh4 Bh7 19. c5 Qd7 20. cxd6 exd6 21. d5 O-O
22. dxc6 bxc6 23. Bd3 Bxd3 24. Rxd3 Ne5 25. Bxe5 Bxe5 26. Qd1 Qg4 27. Qxg4+
hxg4 28. Nf5 Bxb2 29. Rxd6 c5 30. Rc6 Ba3 31. Ra1 Bb4 32. Rc1 g3 33. Rc4 gxf2+
34. Kxf2 Rfd8 35. Rh6 f6 36. Rxf6 Ra7 37. Rg4+ Kh8 38. Nd6 Rdd7 39. e4 Bc3 40.
Rh6+ Rh7 41. Rxh7+ Rxh7 42. Nb5 Rf7+ 43. Ke2 Bb4 44. Kd3 Rd7+ 45. Kc4 Rd2 46.
e5 Re2 47. Kd5 c4 48. Rxc4 Rxg2 49. Nd6 Rd2+ 50. Rd4 Rxd4+ 51. Kxd4 Kg8 52. Kd5
Kf8 53. Ke6 Bc3 54. Ne4 Bb2 55. Nf6 Bd4 56. Kd6 Bb2 57. Nd7+ Ke8 58. e6 Ba3+
59. Kd5 Ke7 60. Ne5 Ke8 61. Nc6 Bb4 62. Nxb4 axb4 63. Kc4 Ke7 64. a5 Kxe6 65.
a6 1-0

[Event "4NCL/Div1/MM-PP1"]
[Site "Rd08-Birmingham"]
[Date "2001.03.18"]
[Round "8.8"]
[White "Connolly, Suzanne"]
[Black "Tidman, Sophie"]
[Result "1/2-1/2"]
[WhiteElo "2083"]
[BlackElo "2003"]
[PlyCount "95"]
[EventDate "2001.03.18"]

1. e4 c5 2. Nf3 Nc6 3. d4 cxd4 4. Nxd4 Nf6 5. Nc3 e5 6. Ndb5 d6 7. Bg5 a6 8.
Na3 b5 9. Nd5 Be7 10. Bxf6 Bxf6 11. c3 O-O 12. Nc2 Bg5 13. Bd3 Be6 14. Nce3 Kh8
15. Bc2 Rb8 16. Qd3 a5 17. O-O g6 18. f4 exf4 19. Nxf4 Ne5 20. Qd4 Bf6 21. Qd2
Bg7 22. Bb3 Bc4 23. Rf2 Qb6 24. h3 Qc6 25. Ned5 Rbe8 26. Bc2 Nd7 27. a3 Nc5 28.
Re1 a4 29. Nb4 Qb6 30. Nfd5 Qd8 31. Qd1 Qg5 32. Qg4 Qxg4 33. hxg4 Be5 34. Re3
Kg7 35. Kh1 Rh8 36. g3 h5 37. gxh5 Rxh5+ 38. Kg2 Ne6 39. Nf4 Rg5 40. Nxe6+ Bxe6
41. Nd3 d5 42. Nc5 d4 43. Nxe6+ Rxe6 44. Ref3 dxc3 45. bxc3 Rf6 46. Bd1 Rxf3
47. Rxf3 Bd6 48. c4 1/2-1/2

[Event "4NCL/Div1/SLO1-WR1"]
[Site "Rd08-Birmingham"]
[Date "2001.03.18"]
[Round "8.2"]
[White "Hunt, Harriet"]
[Black "Summerscale, Aaron"]
[Result "1/2-1/2"]
[WhiteElo "2426"]
[BlackElo "2531"]
[PlyCount "42"]
[EventDate "2001.03.18"]

1. e4 e6 2. d4 d5 3. Nd2 c5 4. exd5 exd5 5. Ngf3 Nf6 6. c3 a6 7. Be2 Nc6 8.
dxc5 Bxc5 9. Nb3 Ba7 10. O-O Ne4 11. Nbd4 O-O 12. Be3 Bb8 13. Re1 Re8 14. Qc1
Qd6 15. g3 Bh3 16. Bf1 Qd7 17. Re2 Bg4 18. Bg2 Bc7 19. Re1 Rac8 20. Qc2 Bb8 21.
Qd3 Nc5 1/2-1/2

[Event "4NCL/Div1/SLO1-WR1"]
[Site "Rd08-Birmingham"]
[Date "2001.03.18"]
[Round "8.3"]
[White "Wohl, Aleksandar"]
[Black "Dunnington, Angus"]
[Result "1/2-1/2"]
[WhiteElo "2441"]
[BlackElo "2388"]
[PlyCount "63"]
[EventDate "2001.03.18"]

1. e4 c6 2. d4 d5 3. exd5 cxd5 4. Bd3 Nc6 5. c3 Nf6 6. Bf4 g6 7. Qc2 Bg7 8. Nf3
O-O 9. h3 Nd7 10. O-O e5 11. dxe5 Ndxe5 12. Nxe5 Nxe5 13. Bxe5 Bxe5 14. Nd2 Bc7
15. Rfe1 Qf6 16. Rad1 Be6 17. Nb3 Qg5 18. Re3 Bd7 19. Nd4 Rfe8 20. Rde1 Rxe3
21. Rxe3 Bf4 22. Rf3 Re8 23. Be2 Bd6 24. Rd3 h5 25. Nf3 Qf5 26. Nd4 Qg5 27. Qd2
Bf4 28. Qd1 h4 29. Kf1 Qf6 30. Qb3 Bc6 31. Rf3 Qd6 32. Qc2 1/2-1/2

[Event "4NCL/Div1/SLO1-WR1"]
[Site "Rd08-Birmingham"]
[Date "2001.03.18"]
[Round "8.5"]
[White "McNab, Colin"]
[Black "Gayson, Peter"]
[Result "1/2-1/2"]
[WhiteElo "2403"]
[BlackElo "2273"]
[PlyCount "64"]
[EventDate "2001.03.18"]

1. c4 e5 2. Nc3 d6 3. g3 f5 4. d4 Be7 5. dxe5 dxe5 6. Qxd8+ Bxd8 7. Bg2 Nf6 8.
b3 O-O 9. Bb2 c6 10. Nf3 e4 11. Nd4 Bb6 12. Rd1 Rd8 13. Nc2 Rxd1+ 14. Nxd1 Kf7
15. O-O Be6 16. Nd4 Na6 17. Ne3 g6 18. Rd1 Rd8 19. Nxe6 Rxd1+ 20. Nxd1 Kxe6 21.
Kf1 Ng4 22. h3 Ne5 23. Bc3 Bc5 24. Ke1 Nb4 25. a4 Na2 26. Bd2 Nb4 27. Ne3 Bxe3
28. Bxb4 c5 29. Ba3 Bd4 30. f3 exf3 31. Bxf3 Nxf3+ 32. exf3 h5 1/2-1/2

[Event "4NCL/Div1/SLO1-WR1"]
[Site "Rd08-Birmingham"]
[Date "2001.03.18"]
[Round "8.6"]
[White "Barrett, Stephen"]
[Black "Houska, Jovanka"]
[Result "0-1"]
[WhiteElo "2217"]
[BlackElo "2368"]
[PlyCount "75"]
[EventDate "2001.03.18"]

1. d4 d5 2. c4 c6 3. Nf3 Nf6 4. Qc2 dxc4 5. Qxc4 Bf5 6. g3 e6 7. Bg2 Be7 8. O-O
O-O 9. Nbd2 h6 10. e3 Nbd7 11. Qe2 Ne4 12. Ne1 Ndf6 13. Nc4 Bh7 14. f3 Nd6 15.
Ne5 Rc8 16. N1d3 Qc7 17. b3 Rfd8 18. Bb2 Nd7 19. Rac1 Nxe5 20. Nxe5 Qa5 21. Bc3
Qb5 22. Qb2 Nf5 23. a4 Qa6 24. e4 Ne3 25. Rfe1 Nxg2 26. Kxg2 f6 27. Nc4 b5 28.
axb5 cxb5 29. Ra1 Qc6 30. d5 exd5 31. exd5 Qd7 32. Ne3 Bc5 33. Bd4 Re8 34. Bxc5
Rxc5 35. Qd4 Rec8 36. b4 R5c7 37. d6 Rc6 38. Red1 {Zeit} 0-1

[Event "4NCL/Div1/SLO1-WR1"]
[Site "Rd08-Birmingham"]
[Date "2001.03.18"]
[Round "8.7"]
[White "Lalic, Susan"]
[Black "Jones, Gawain"]
[Result "1/2-1/2"]
[WhiteElo "2318"]
[BlackElo "2184"]
[PlyCount "156"]
[EventDate "2001.03.18"]

1. e4 c5 2. Nc3 Nc6 3. g3 g6 4. Bg2 Bg7 5. d3 d6 6. Be3 e6 7. Qd2 Rb8 8. Nf3 b5
9. O-O b4 10. Nd1 Nd4 11. Ne1 Ne7 12. Bh6 O-O 13. Bxg7 Kxg7 14. c3 bxc3 15.
bxc3 Ndc6 16. Ne3 d5 17. Ng4 f5 18. exf5 exf5 19. Qh6+ Kh8 20. Ne3 d4 21. cxd4
Nxd4 22. Nf3 Ng8 23. Qh4 Qxh4 24. gxh4 Ne2+ 25. Kh1 Nf4 26. d4 Nxg2 27. Kxg2
cxd4 28. Nxd4 f4 29. Nec2 f3+ 30. Kh1 Bh3 31. Rfe1 Rf4 32. Re3 Bg2+ 33. Kg1 Nf6
34. Rae1 Rg8 35. Ne6 Rxh4 36. Ng5 Rg4 37. Nf7+ Kg7 38. Re7 Bh3+ 39. Kh1 Re8 40.
Rxe8 Nxe8 41. Ne5 Rg5 42. Re3 Nf6 43. Ne1 Bg2+ 44. Nxg2 fxg2+ 45. Kg1 Nd5 46.
h4 Rh5 47. Re4 Nc3 48. Re3 Nxa2 49. Ra3 Rxe5 50. Rxa7+ Kh6 51. Rxa2 Re4 52.
Kxg2 Rxh4 53. Kg3 Rb4 54. f4 Rb7 55. Kg4 Kg7 56. Ra5 h6 57. Rc5 Rb6 58. Ra5 Kf6
59. Rc5 h5+ 60. Kf3 Rb3+ 61. Kg2 h4 62. Ra5 Rg3+ 63. Kf2 Rg4 64. Kf3 Rg1 65.
Kf2 Rb1 66. Kg2 Rb4 67. Kf3 h3 68. Kg3 Rb3+ 69. Kh2 Rf3 70. Rb5 Kg7 71. Ra5 Kh6
72. Rb5 Rxf4 73. Kxh3 g5 74. Rb8 Ra4 75. Kg3 Ra3+ 76. Kg4 Ra4+ 77. Kg3 Kg7 78.
Rb6 Rc4 1/2-1/2

[Event "4NCL/Div1/SLO1-WR1"]
[Site "Rd08-Birmingham"]
[Date "2001.03.18"]
[Round "8.8"]
[White "Gourlay, Iain"]
[Black "Houska, Miroslav"]
[Result "0-1"]
[WhiteElo "2056"]
[BlackElo "2279"]
[PlyCount "80"]
[EventDate "2001.03.18"]

1. Nf3 d5 2. g3 Bg4 3. Bg2 c6 4. b3 Nf6 5. Bb2 e6 6. c4 Bd6 7. d3 O-O 8. O-O
Nbd7 9. Nbd2 Qe7 10. Qc2 a5 11. a3 Rfe8 12. e4 dxe4 13. dxe4 e5 14. h3 Be6 15.
c5 Bxc5 16. Nxe5 Bxh3 17. Nxc6 Qe6 18. Nd4 Qg4 19. Qd1 Ne5 20. Nf5 Rad8 21.
Bxe5 Rxe5 22. Qxg4 Bxg4 23. Nc4 Ree8 24. Nxa5 Rd7 25. b4 Ba7 26. Nxb7 Nxe4 27.
Bxe4 Rxe4 28. Nfd6 Re2 29. Rac1 h6 30. Rc8+ Kh7 31. Rd8 Rde7 32. Kg2 Be6 33.
Nc5 Bd5+ 34. Kh3 Bf3 35. g4 Ra2 36. Nb5 Bxc5 37. bxc5 Be2 38. Rb1 Re4 39. Nc3
Rxa3 40. Rc1 Rc4 0-1

[Event "4NCL/Div1/BARB2-BG1"]
[Site "Rd09-Birmingham"]
[Date "2001.05.05"]
[Round "9.1"]
[White "Palliser, Richard"]
[Black "Nunn, John"]
[Result "0-1"]
[WhiteElo "2342"]
[BlackElo "2578"]
[PlyCount "60"]
[EventDate "2001.05.05"]

1. d4 Nf6 2. c4 g6 3. Nc3 Bg7 4. e4 d6 5. Bd3 O-O 6. Nge2 Nc6 7. O-O Nh5 8. Bc2
e5 9. d5 Ne7 10. a4 f5 11. exf5 gxf5 12. Ng3 Nxg3 13. fxg3 Qe8 14. Nb5 Qd7 15.
Be3 a6 16. Nc3 Qe8 17. c5 Bd7 18. a5 Ng6 19. cxd6 cxd6 20. Na4 e4 21. Nb6 Rd8
22. Bg5 Bb5 23. Bxd8 Bxf1 24. Bc7 Qe7 25. Qxf1 Bd4+ 26. Kh1 Qxc7 27. Nc4 Bxb2
28. Rb1 Bg7 29. Qe2 Ne7 30. Bb3 Kh8 0-1

[Event "4NCL/Div1/BARB2-BG1"]
[Site "Rd09-Birmingham"]
[Date "2001.05.05"]
[Round "9.2"]
[White "Hodgson, Julian"]
[Black "Dishman, Stephen"]
[Result "1-0"]
[WhiteElo "2595"]
[BlackElo "2364"]
[PlyCount "85"]
[EventDate "2001.05.05"]

1. d4 d5 2. Bg5 f6 3. Bf4 Nc6 4. Nf3 Bg4 5. Nbd2 e6 6. Bg3 Bd6 7. c3 f5 8. Ne5
Bxe5 9. dxe5 Nge7 10. Nb3 O-O 11. f4 g5 12. Nc5 Qc8 13. Nd3 Ng6 14. Qd2 gxf4
15. Nxf4 Nxf4 16. Qxf4 Qe8 17. Bh4 Qg6 18. O-O-O Qg7 19. Bf6 Rxf6 20. exf6 Qxf6
21. h3 Bh5 22. g4 Bg6 23. Bg2 Rf8 24. gxf5 Bxf5 25. e4 Bxe4 26. Qxf6 Rxf6 27.
Bxe4 dxe4 28. Rde1 Rf4 29. Rhg1+ Kf7 30. Rg4 Rxg4 31. hxg4 Kf6 32. Rxe4 e5 33.
Kd2 Kg5 34. Rc4 h5 35. gxh5 Kxh5 36. b4 a6 37. a4 Kg5 38. b5 axb5 39. axb5 Na7
40. Rc5 Kf4 41. c4 c6 42. b6 Nc8 43. Rxc6 1-0

[Event "4NCL/Div1/BARB2-BG1"]
[Site "Rd09-Birmingham"]
[Date "2001.05.05"]
[Round "9.3"]
[White "Kenworthy, Gary"]
[Black "Hebden, Mark"]
[Result "0-1"]
[WhiteElo "2283"]
[BlackElo "2560"]
[PlyCount "64"]
[EventDate "2001.05.05"]

1. c4 g6 2. g3 Bg7 3. Bg2 Nf6 4. Nc3 O-O 5. e4 c5 6. Nge2 Nc6 7. O-O d6 8. d3
Rb8 9. h3 a6 10. a4 Ne8 11. f4 Nc7 12. f5 b5 13. axb5 axb5 14. cxb5 Nxb5 15.
Nxb5 Rxb5 16. Nc3 Rb8 17. g4 Nd4 18. Nd5 Bb7 19. Ra7 Bxd5 20. exd5 Ra8 21. Rxa8
Qxa8 22. h4 gxf5 23. gxf5 Kh8 24. Be4 Bf6 25. Kh1 Rg8 26. Qh5 Qa1 27. Bg2 Nb3
28. Bg5 Qxb2 29. Qxf7 Bxg5 30. hxg5 Rxg5 31. Be4 Qe2 32. Rb1 Qg4 0-1